<?xml version="1.0" encoding="UTF-8"?>
<record
    xmlns:xsi="http://www.w3.org/2001/XMLSchema-instance"
    xsi:schemaLocation="http://www.loc.gov/MARC21/slim http://www.loc.gov/standards/marcxml/schema/MARC21slim.xsd"
    xmlns="http://www.loc.gov/MARC21/slim">

  <leader>00811nam a22001697a 4500</leader>
  <controlfield tag="008">110728s1989    le||||| |||| 00| e ara d</controlfield>
  <datafield tag="082" ind1=" " ind2=" ">
    <subfield code="2">22</subfield>
    <subfield code="a">814</subfield>
    <subfield code="b">&#x643; &#x627; &#x644;</subfield>
  </datafield>
  <datafield tag="100" ind1=" " ind2=" ">
    <subfield code="9">26473</subfield>
    <subfield code="a">&#x643;&#x627;&#x644;&#x648;&#x633; &#x60C; &#x638;&#x627;&#x641;&#x631; &#x641;&#x64A;&#x643;&#x62A;&#x648;&#x631;</subfield>
  </datafield>
  <datafield tag="245" ind1=" " ind2=" ">
    <subfield code="a">&#x643;&#x631;&#x627;&#x62A; &#x645;&#x646; &#x62B;&#x644;&#x62C; /</subfield>
    <subfield code="c">&#x638;&#x627;&#x641;&#x631; &#x641;&#x64A;&#x643;&#x62A;&#x648;&#x631; &#x643;&#x627;&#x644;&#x648;&#x633;</subfield>
  </datafield>
  <datafield tag="260" ind1=" " ind2=" ">
    <subfield code="a">[&#x62F;.&#x645;] :</subfield>
    <subfield code="b">[&#x62F;.&#x646;]&#x60C; [1989?]</subfield>
    <subfield code="c">[1989?]</subfield>
  </datafield>
  <datafield tag="300" ind1=" " ind2=" ">
    <subfield code="a">369 &#x635; &#x61B;</subfield>
    <subfield code="c">24 &#x633;&#x645;</subfield>
  </datafield>
  <datafield tag="650" ind1=" " ind2=" ">
    <subfield code="9">16467</subfield>
    <subfield code="a">&#x627;&#x644;&#x645;&#x642;&#x627;&#x644;&#x627;&#x62A; &#x627;&#x644;&#x639;&#x631;&#x628;&#x64A;&#x629;</subfield>
  </datafield>
  <datafield tag="653" ind1=" " ind2=" ">
    <subfield code="b">Ara</subfield>
  </datafield>
  <datafield tag="942" ind1=" " ind2=" ">
    <subfield code="2">ddc</subfield>
    <subfield code="c">BB</subfield>
  </datafield>
  <datafield tag="999" ind1=" " ind2=" ">
    <subfield code="c">15754</subfield>
    <subfield code="d">15754</subfield>
  </datafield>
  <datafield tag="952" ind1=" " ind2=" ">
    <subfield code="0">0</subfield>
    <subfield code="1">0</subfield>
    <subfield code="2">ddc</subfield>
    <subfield code="4">0</subfield>
    <subfield code="7">0</subfield>
    <subfield code="8">Alef-Baa</subfield>
    <subfield code="a">MAIN</subfield>
    <subfield code="b">MAIN</subfield>
    <subfield code="c">1ST</subfield>
    <subfield code="d">2011-07-28</subfield>
    <subfield code="e">purchase</subfield>
    <subfield code="o">320.04 &#x643; &#x627; &#x644;</subfield>
    <subfield code="p">000021499</subfield>
    <subfield code="r">2025-07-15 00:00:00</subfield>
    <subfield code="y">BB</subfield>
  </datafield>
  <datafield tag="952" ind1=" " ind2=" ">
    <subfield code="0">0</subfield>
    <subfield code="1">0</subfield>
    <subfield code="2">ddc</subfield>
    <subfield code="4">0</subfield>
    <subfield code="7">0</subfield>
    <subfield code="8">Alef-Baa</subfield>
    <subfield code="a">MAIN</subfield>
    <subfield code="b">MAIN</subfield>
    <subfield code="c">1ST</subfield>
    <subfield code="d">2011-07-28</subfield>
    <subfield code="e">purchase</subfield>
    <subfield code="o">320.04 &#x643; &#x627; &#x644;</subfield>
    <subfield code="p">000024466</subfield>
    <subfield code="r">2025-07-15 00:00:00</subfield>
    <subfield code="y">BB</subfield>
  </datafield>
</record>
